| 000 | 00868nam a22003137a 4500 | ||
|---|---|---|---|
| 001 | 0011841 | ||
| 003 | DO-SdBNP | ||
| 005 | 20180216112933.0 | ||
| 007 | 0011841 | ||
| 008 | 161129b 1989 sp|||| |||| 00| 0 spa d | ||
| 015 | _a | ||
| 017 |
_a _b |
||
| 020 | _a842392713X | ||
| 035 | _a | ||
| 040 |
_aBPMSU _bspa _cBPMSU _e |
||
| 080 | _a | ||
| 100 | 1 | _aBojunga Nunes, Lygia | |
| 245 | 1 | 3 |
_aEl bolso amarillo / _cLygia Bojunga Nunes ; traducción Mirian Lopes Moura ; ilustraciones Araceli Sanz _h |
| 250 | _a6a. ed. | ||
| 260 |
_aMadrid : _bEspasa-Calpe, _c1989. |
||
| 300 |
_a153 p.: _bil., _c18 cm |
||
| 490 | 1 |
_aAustral juvenil _v13 |
|
| 700 | 1 | 2 |
_aLopes Moura, Mirian, _etrad. |
| 700 | 1 | 2 |
_aSanz, Araceli, _eil. |
| 830 | 0 |
_aAustral juvenil _v13 |
|
| 942 |
_2ddc _cBK |
||
| 945 | _aInventariado, 2018 /LP | ||
| 956 |
_aBTAVÁREZ _b10 _c20161129 _d0011841 |
||
| 999 |
_c12150 _d12150 |
||